Anh thợ xay vui tính Dân ca và thơ dân gian một số nước trên thế giới

Zapisane w:
Opis bibliograficzny
1. autor: Thái Bá Tân
Format: Książka
Wydane: H. Hội nhà văn Việt Nam 1984
Hasła przedmiotowe:
Etykiety: Dodaj etykietę
Nie ma etykietki, Dołącz pierwszą etykiete!
Thư viện lưu trữ: Trung tâm Học liệu Lê Vũ Hùng, Trường Đại học Đồng Tháp
LEADER 00718pam a22002058a 4500
001 00020800
005 20171026081022.0
008 110519s1984 ||||||Viesd
041 0 # |a Vie 
082 1 4 |a 398.2  |b A107T 
100 0 # |a Thái Bá Tân 
245 0 0 |a Anh thợ xay vui tính  |b Dân ca và thơ dân gian một số nước trên thế giới  |c Thái Bá Tân 
260 # # |a H.  |b Hội nhà văn Việt Nam  |c 1984 
300 # # |a 109 tr.  |c 19 cm. 
653 # # |a Dân ca 
653 # # |a Văn học dân gian 
852 # # |b Kho đọc  |j KD.0006298 
852 # # |j KD.0006298 
910 0 # |a Đức  |d 19/05/2011 
980 # # |a Trung tâm Học liệu Lê Vũ Hùng, Trường Đại học Đồng Tháp